[Event "POL-Cup blind"]
[Site "Dzwirzyno"]
[Date "2019.09.04"]
[Round "4"]
[White "Raczek, Stanislaw"]
[Black "Mettel, Werner"]
[Result "1/2-1/2"]
[WhiteElo "1578"]
[BlackElo "1704"]
[PlyCount "35"]
[EventDate "2019.09.02"]
[EventType "swiss"]
[EventRounds "9"]
[EventCountry "POL"]
[SourceTitle "EXT 2020"]
[Source "ChessBase"]
[SourceDate "2019.10.17"]
[SourceVersion "1"]
[SourceVersionDate "2019.10.17"]
[SourceQuality "1"]

1. Nf3 Nf6 2. d4 d5 3. g3 Bf5 4. c3 c6 5. Bg2 e6 6. Bg5 Be7 7. 0-0 Nbd7 8. Nbd2 0-0 9. Re1 Re8 10. Nh4 Bg6 11. Nxg6 hxg6 12. e4 dxe4 13. Nxe4 Nxe4 14. Bxe7 Rxe7 15. Bxe4 Nf6 16. Bf3 Qb6 17. Re2 Rd8 18. Kg2 1/2-1/2

[Event "POL-chT blind"]
[Site "Wagrowiec"]
[Date "2017.10.17"]
[Round "4.12"]
[White "Stachanczyk, Jacek"]
[Black "Mettel, Werner"]
[Result "1-0"]
[WhiteElo "2196"]
[BlackElo "1793"]
[PlyCount "79"]
[EventDate "2017.10.14"]
[EventType "team-tourn"]
[EventRounds "9"]
[EventCountry "POL"]
[SourceTitle "EXT 2019"]
[Source "ChessBase"]
[SourceDate "2018.10.10"]
[SourceVersion "1"]
[SourceVersionDate "2018.10.10"]
[SourceQuality "1"]

1. e4 e5 2. Nf3 Nc6 3. Bc4 Be7 4. d4 d6 5. c3 Nf6 6. Nbd2 0-0 7. h3 a6 8. 0-0 b5 9. Bb3 Na5 10. dxe5 dxe5 11. Nxe5 Bd6 12. Nef3 Nxb3 13. axb3 Bf4 14. e5 Nd7 15. Qe2 Nc5 16. Ne4 Ne6 17. Rd1 Qe7 18. Bxf4 Nxf4 19. Qe3 Ne6 20. Nd4 Bb7 21. Nf5 Qe8 22. Rd4 Bxe4 23. Rxe4 Kh8 24. Rh4 Qd8 25. Qe4 Qg5 26. Nd6 g6 27. Nxf7+ Rxf7 28. Qxa8+ Kg7 29. Qe4 Nc5 30. Qg4 Qxe5 31. b4 Nd3 32. Qd4 Qxd4 33. Rxd4 Nxb2 34. Rxa6 Nc4 35. Rd5 Nd6 36. Ra7 Ne4 37. Rxb5 Nxc3 38. Rc5 Ne2+ 39. Kf1 Nd4 40. Rcxc7 1-0

[Event "POL-chT blind"]
[Site "Wagrowiec"]
[Date "2016.11.19"]
[Round "9.7"]
[White "Mettel, Werner"]
[Black "Wolanski, Michal"]
[Result "0-1"]
[WhiteElo "1804"]
[BlackElo "1954"]
[PlyCount "62"]
[EventDate "2016.11.11"]
[EventType "team-tourn"]
[EventRounds "9"]
[EventCountry "POL"]
[SourceTitle "EXT 2019"]
[Source "ChessBase"]
[SourceDate "2018.10.10"]
[SourceVersion "1"]
[SourceVersionDate "2018.10.10"]
[SourceQuality "1"]

1. e4 c5 2. Nc3 Nc6 3. f4 g6 4. Nf3 Bg7 5. Bc4 e6 6. Bb3 Nge7 7. 0-0 Nd4 8. d3 0-0 9. Kh1 Nxb3 10. axb3 d6 11. Qe1 b6 12. Qh4 Nc6 13. Qf2 Bb7 14. Ne2 Qc7 15. Ng3 Nd4 16. Nxd4 cxd4 17. Qd2 f5 18. Qe2 Rfe8 19. Ra4 a5 20. Rf2 Bc6 21. Ra3 Bd7 22. Qd1 Rec8 23. Kg1 b5 24. Qd2 b4 25. Ra1 Ra6 26. Kf1 Rc6 27. Qd1 Rxc2 28. Rxc2 Qxc2 29. Qxc2 Rxc2 30. Ne2 fxe4 31. dxe4 Bb5 0-1

[Event "POL-chT blind"]
[Site "Wagrowiec"]
[Date "2016.11.14"]
[Round "4.6"]
[White "Zoltek, Tadeusz"]
[Black "Mettel, Werner"]
[Result "1-0"]
[WhiteElo "2149"]
[BlackElo "1804"]
[PlyCount "45"]
[EventDate "2016.11.11"]
[EventType "team-tourn"]
[EventRounds "9"]
[EventCountry "POL"]
[SourceTitle "EXT 2019"]
[Source "ChessBase"]
[SourceDate "2018.10.10"]
[SourceVersion "1"]
[SourceVersionDate "2018.10.10"]
[SourceQuality "1"]

1. Nf3 Nc6 2. d4 d5 3. g3 Bf5 4. Bg2 e6 5. 0-0 Bd6 6. c4 Bxb1 7. Rxb1 dxc4 8. Qa4 Nf6 9. Qxc4 0-0 10. a3 Rb8 11. b4 h6 12. Bb2 Nd5 13. e4 Nb6 14. Qc2 Be7 15. Rfd1 Qe8 16. d5 exd5 17. exd5 Nd8 18. Qxc7 Nd7 19. Ne5 Nxe5 20. Qxe5 Bf6 21. Qxb8 Bxb2 22. Rxb2 Qa4 23. Ra1 1-0

[Event "POL-chT blind Gp A"]
[Site "Mielno"]
[Date "2013.12.08"]
[Round "2.1"]
[White "Mettel, Werner"]
[Black "Sargalski, Andrzej"]
[Result "0-1"]
[WhiteElo "1844"]
[BlackElo "1920"]
[PlyCount "114"]
[EventDate "2013.12.06"]
[EventType "team-tourn"]
[EventRounds "10"]
[EventCountry "POL"]
[SourceTitle "EXT 2019"]
[Source "ChessBase"]
[SourceDate "2018.10.10"]
[SourceVersion "1"]
[SourceVersionDate "2018.10.10"]
[SourceQuality "1"]

1. e4 e5 2. Nf3 Nc6 3. Bb5 a6 4. Ba4 d6 5. h3 Bd7 6. c3 Nf6 7. d3 h6 8. Nbd2 Be7 9. 0-0 0-0 10. Re1 Nh7 11. Nf1 Ng5 12. Ng3 g6 13. Bb3 Kg7 14. Bc2 f5 15. exf5 Bxf5 16. Nxg5 Bxg5 17. Nxf5+ Rxf5 18. d4 Rf7 19. dxe5 Nxe5 20. Qe2 Qf6 21. Rf1 Bf4 22. Bxf4 Qxf4 23. Rad1 Re8 24. Be4 b5 25. Rd4 Qf6 26. Bd5 Ree7 27. Qc2 c6 28. Be4 d5 29. Bd3 Qe6 30. Qd2 c5 31. Rh4 g5 32. Rh5 Nxd3 33. Qxd3 Qe2 34. Qxe2 Rxe2 35. h4 Kg6 36. g4 Rf4 37. f3 Rxb2 38. hxg5 hxg5 39. Rh2 Rxh2 40. Kxh2 Ra4 41. Rf2 d4 42. cxd4 Rxd4 43. Re2 Rd6 44. Kg3 c4 45. Rc2 a5 46. a4 b4 47. Rxc4 b3 48. Rc5 Rb6 49. Rc1 b2 50. Rb1 Rb4 51. Kf2 Kf6 52. Ke2 Ke5 53. Ke3 Rb3+ 54. Kf2 Kf4 55. Ke2 Re3+ 56. Kd2 Rxf3 57. Rxb2 Rf2+ 0-1

[Event "Grunwald Cup 22nd blind"]
[Site "Dadaj"]
[Date "2007.09.26"]
[Round "5"]
[White "Ruszczycki, Jacek"]
[Black "Mettel, Werner"]
[Result "1/2-1/2"]
[WhiteElo "2050"]
[BlackElo "1971"]
[PlyCount "40"]
[EventDate "2007.09.24"]
[EventType "swiss"]
[EventRounds "9"]
[EventCountry "POL"]
[SourceTitle "EXT 2009"]
[Source "ChessBase"]
[SourceDate "2008.11.26"]
[SourceVersion "1"]
[SourceVersionDate "2008.11.26"]
[SourceQuality "1"]

1. e4 e5 2. d4 exd4 3. Qxd4 Nc6 4. Qe3 Nf6 5. Bd2 Bb4 6. Nc3 0-0 7. 0-0-0 Re8 8. Qg3 Nxe4 9. Nxe4 Rxe4 10. f3 Bxd2+ 11. Rxd2 Re5 12. f4 Ra5 13. Bc4 d6 14. Nf3 Qf6 15. Ng5 Be6 16. Bxe6 fxe6 17. Qh3 h6 18. Qxe6+ Qxe6 19. Nxe6 Rxa2 20. Kb1 Ra4 1/2-1/2